00624cam a2200193 45000010008000000030004000080050017000120080041000290100017000700400018000870820013001051000024001182450057001422600045001993000041002445040064002856000034003496500047003832648333OSt20230622123008.0680301s1968 nyuac b 000 0 eng  a 68018257  aDLCcDLCdDLC00a329bROS1 aRoss, Irwin,d1919-14aThe loneliest campaign;bthe Truman victory of 1948. a[New York]bNew American Libraryc[1968] aviii, 304 p.billus., ports.c22 cm. aBibliographical references included in "Notes" (p. 273-288)10aTruman, Harry S.,d1884-1972. 0aPresidentszUnited StatesxElectiony1948.